MARC
| LEADER | 00000 a a2200000 04500 | ||
|---|---|---|---|
| 001 | 6794 | ||
| 003 | |||
| 040 | |||
| 245 | |a Educación y cambio social | ||
| 650 | |a CONCIENTIZACION | ||
| 650 | |a CAMBIO SOCIAL | ||
| 650 | |a EL SALVADOR | ||
| 773 | |g volumen 27, número 1217; páginas 9-10 | ||
| 999 | |c 33066 |d 33066 | ||
| LEADER | 00000 a a2200000 04500 | ||
|---|---|---|---|
| 001 | 6794 | ||
| 003 | |||
| 040 | |||
| 245 | |a Educación y cambio social | ||
| 650 | |a CONCIENTIZACION | ||
| 650 | |a CAMBIO SOCIAL | ||
| 650 | |a EL SALVADOR | ||
| 773 | |g volumen 27, número 1217; páginas 9-10 | ||
| 999 | |c 33066 |d 33066 | ||